President des organisations internationales - Statistiques

Statistiques générales
  • Ce quiz a été pris 68 fois
    4 depuis la dernière actualisation
  • Le résultat moyen est 3 sur 15
Statistiques - réponses
Organisation Pays d'origine Directeur % Correct
Secrétaire général de l’ONU Portugal Guterres
100%
UNESCOOrganisation des Nations Unies pour l'Éducation, la Science et la Culture France Azoulay
50%
Banque Mondiale Inde / USA Banga
50%
Secrétaire général de l’OTAN/NATO Pays Bas Rutte
50%
OPEP Organisation des pays exportateurs de pétrole Koweit al-Ghais
0%
OCDE Organisation de coopération et de développement économiques Belgique Cormann
0%
FMI Fond Monétaire International Bulgarie Georgieva
0%
Directeur de l’OMS Éthiopie Ghebreyesus
0%
HCRHaut-Commissariat des nations unies pour les réfugiés Italie Grandi
0%
OIT Organisation internationale du travail Togo Houngbo
0%
OIFOrganisation International Francophone Rwanda Mushikiwabo
0%
OMC Organisation Mondiale du Commerce Nigeria / USA Okonjo-Iweala
0%
FAO Food and Agricultural Organization Chine Qu
0%
Haut-Commissariat des nations unies pour les droits de l’homme Autriche Türk
0%
Président de l’assemblée générale Cameroun Yang
0%
Aucun quiz correspondant
Distribution des résultats
% des personnes avec chaque résultat
Percentile par nombre de réponses
Votre historique - résultats
Vous n’avez pas pris ce quiz depuis la dernière actualisation